000 00592nam a2200217Ia 4500
005 20250508160648.0
008 008 250505s9999 xx 000 0 eng d
037 _aTextual
040 _aFEDL
_beng
_cFEDL
041 _aeng
_2eng
084 _a150, LAN
_qFEDL
100 _aLane Howard
_991377
245 0 _aUnderstanding human development
260 _aEnglewood Cliffs
_b Prentice-Hall
_c1959
300 _axviii,492p.
365 _aINR
_b71.64
650 _aPsychology
700 _a Beauchamp Mary
_9769047
942 _cTEXL
_h150, LAN
999 _c1365900
_d1365900